Magister Pavol z Kolár a Hontovci z Poiplia

Titel: Magister Pavol z Kolár a Hontovci z Poiplia / Tomáš Sitár
Verfasser:
In: Stretnutie priateľov regionálnej histórie (3. : 2017 : Hradište): Zborník zo Stretnutia priateľov regionálnej histórie, (2017), Seite 518-519
alle Artikel anzeigen
Veröffentlicht: 2017
Umfang: Illustrationen
Format: Aufsatz
Sprache: Slowakisch
Schlagworte:
Kein Bild verfügbar
X
alg: 42821177
001A    $03025:10-04-18 
001B    $03025:19-04-18 $t13:59:36.000 
001C    $03025:10-04-18 $t12:42:41.000 
001D    $03025:10-04-18 
001U    $0utf8 
001X    $00 
002@    $0Aou 
002C    $aText $btxt $2rdacontent 
002D    $aohne Hilfsmittel zu benutzen $bn $2rdamedia 
002E    $aBand $bnc $2rdacarrier 
003@    $0428211771 
007A    $0428211771 $aHEB 
010@    $aslo 
010E    $erda 
011@    $a2017 
021A    $aMagister Pavol z Kolár a Hontovci z Poiplia $hTomáš Sitár 
028A    $BVerfasser $4aut $7114315696X $8Sitár, Tomáš$Z1980- [Tp3] $9419613870 
031A    $h518-519 $j2017 
034M    $aIllustrationen 
039B    $aEnthalten in $8--Aau--Stretnutie priateľov regionálnej histórie$n3.$d2017$cHradište [Tf3]. Zborník zo Stretnutia priateľov regionálnej histórie. - Hradište : Priatelia histórie Novohradu : PreHradište, 2017. - 527 Seiten. - Illustrationen, Karten. - ISBN 978-80-972809-0-1 $x201700000000000482 $9424675528 
044K    $#Ipel' $#Ipoly $74212358-6 $8Eipel$gFluss [Tg1] $908609176X 
044K    $RHistorische Hilfswissenschaften $RAbstammung $RLineage $RGenealoge $#Genealogy $#Généalogie $#Genealogie $#Ahnenforschung $#Ahnenkunde $#Familienforschung Genealogie $#Familiengeschichte Genealogie $#Familienkunde $#Historische Familienforschung $#Sippenkunde $#Abstammung Genealogie $#Herkunft Genealogie $74020097-8 $8Genealogie [Ts1] $9085048054 

lok: 42821177 78

exp: 42821177 78 1 #EPN
201B/01 $010-04-18 $t12:42:41.000 
201C/01 $010-04-18 
201U/01 $0utf8 
203@/01 $01020943246 
208@/01 $a10-04-18 $be 
209A/01 $a/ $f000 $x00 
209A/01 $ab*p $x01 
220C/01 $awma 
244Z/01 $#Slowakei $#Slowakei $#Slowakische Republik $#Oberungarn $#Slovensko $#Slovenská Republika $#Slovenská SR $#SSR $#Slovakia $#Slovaquie $#Slovak Republic $#République Slovaque $#Slovenská Socialistická Republika $#Slowakische Sozialistische Republik $#Slovak Socialist Republic $#République Socialiste Slovaque $74055297-4 $8--Tg1--Slowakei $x05 $9085153834 
247C/01 $82080>Marburg/Lahn, Herder-Institut, Forschungsbibliothek, Bibliographieportal $9336309341
LEADER 00000caa a2200000 c 4500
001 428211771
003 DE-603
005 20180419135936.0
007 tu
008 180410s2017 xx |||| | u00||u|slo c
035 |a (DE-599)HEB428211771 
040 |a DE-603  |b ger  |c DE-603  |d DE-603  |e rda 
041 |a slo 
100 1 |a Sitár, Tomáš  |d 1980-  |e Verfasser  |4 aut  |0 (DE-603)419613870  |0 (DE-588)114315696X  |2 gnd 
245 0 0 |a Magister Pavol z Kolár a Hontovci z Poiplia  |c Tomáš Sitár 
264 0 |c 2017 
300 |b Illustrationen 
336 |a Text  |b txt  |2 rdacontent 
337 |a ohne Hilfsmittel zu benutzen  |b n  |2 rdamedia 
338 |a Band  |b nc  |2 rdacarrier 
650 7 |a Genealogie  |0 (DE-588)4020097-8  |0 (DE-603)085048054  |2 gnd 
651 7 |a Eipel  |g Fluss  |0 (DE-588)4212358-6  |0 (DE-603)08609176X  |2 gnd 
773 0 8 |i Enthalten in  |a Stretnutie priateľov regionálnej histórie (3. : 2017 : Hradište)  |t Zborník zo Stretnutia priateľov regionálnej histórie  |d Hradište : Priatelia histórie Novohradu : PreHradište, 2017  |h 527 Seiten, Illustrationen, Karten  |z 9788097280901  |g (2017), Seite 518-519  |w (DE-603)424675528 
924 0 |9 2080  |a (DE-603)1020943246  |b DE-2080  |c HES  |d d  |g /